[Event "Open A Befana"]
[Site "Milano ITA"]
[Date "2011.01.02"]
[Round "1"]
[White "Astengo, Corrado"]
[Black "Guzzetti, Luigi Enrico"]
[Result "1/2-1/2"]
[WhiteElo "2146"]
[BlackElo "1952"]
[PlyCount "86"]
[EventDate "2011.01.02"]

1. e4 c5 2. Nf3 e6 3. d3 Nc6 4. g3 Nge7 5. Bg2 g6 6. h4 d5 7. e5 Bg7 8. Bf4
Qa5+ 9. Nbd2 Bd7 10. c3 Qc7 11. Qe2 Rc8 12. a3 a5 13. Nf1 b5 14. Ne3 h5 15. O-O
d4 16. cxd4 Nxd4 17. Nxd4 cxd4 18. Nd5 Nxd5 19. Bxd5 Qc2 20. Qxc2 Rxc2 21. Be4
Rxb2 22. Rfc1 O-O 23. Rc7 Be8 24. Rc8 Kh7 25. Rd8 Rb3 26. Rxd4 Rc3 27. Rd6 Rg8
28. Bd2 Bxe5 29. Bxc3 Bxd6 30. Bxa5 Bd7 31. Bb4 Be5 32. Rc1 f5 33. Bf3 Kg7 34.
Rc5 Kf6 35. Bd2 Bd6 36. Bg5+ Kf7 37. Rc3 Rb8 38. Kg2 Rb6 39. Be3 Ra6 40. Bc1
Rb6 41. Be3 Ra6 42. Bc1 Rb6 43. Be3 Ra6 1/2-1/2

[Event "Open A Befana"]
[Site "Milano ITA"]
[Date "2011.01.02"]
[Round "1"]
[White "Astengo, Marcello"]
[Black "Bisignano, Giuseppe"]
[Result "0-1"]
[WhiteElo "2118"]
[BlackElo "1929"]
[PlyCount "118"]
[EventDate "2011.01.02"]

1. d4 Nf6 2. c4 e6 3. Nc3 Bb4 4. e3 Ne4 5. Qc2 d5 6. Bd3 Nxc3 7. bxc3 Be7 8. e4
dxe4 9. Bxe4 c5 10. Nf3 Nc6 11. d5 Na5 12. Ne5 f5 13. dxe6 fxe4 14. Qa4+ Kf8
15. Nf7 Qd3 16. Qxa5 Bxe6 17. Ne5 Qd8 18. Qxd8+ Rxd8 19. Bf4 Bf6 20. O-O Bxe5
21. Bxe5 Bxc4 22. Rfe1 Bd3 23. Re3 Kf7 24. Rg3 Rhg8 25. Re1 Rd5 26. Bf4 b5 27.
f3 Re8 28. fxe4 Rxe4 29. Rxe4 Bxe4 30. Kf2 h6 31. Ke3 Bb1 32. a3 a5 33. Ke2 g5
34. Bc7 a4 35. Rh3 Kg6 36. Re3 Bf5 37. h3 g4 38. h4 c4 39. g3 Bd3+ 40. Kf2 Rf5+
41. Bf4 h5 42. Re8 Rf6 43. Ke3 Kf7 44. Rb8 Re6+ 45. Kd4 Re4+ 46. Kc5 Rxf4 47.
gxf4 g3 48. Rb7+ Kf6 49. Rb6+ Kf5 50. Rxb5 Kxf4 51. Kb4 Bf5 52. Rd5 g2 53. Rd1
Bd3 54. Rg1 Kg3 55. Kxa4 Kf2 56. Rxg2+ Kxg2 57. Kb5 Kg3 58. a4 Kxh4 59. a5 Kg4
0-1

[Event "Open A Befana"]
[Site "Milano ITA"]
[Date "2011.01.02"]
[Round "1"]
[White "Attuati, Stefano"]
[Black "Salmoiraghi, Angelo"]
[Result "0-1"]
[WhiteElo "1983"]
[BlackElo "2155"]
[PlyCount "78"]
[EventDate "2011.01.02"]

1. e4 e5 2. Nf3 Nc6 3. Bb5 a6 4. Ba4 Nf6 5. O-O Be7 6. Re1 b5 7. Bb3 d6 8. c3
O-O 9. h3 Na5 10. Bc2 c5 11. d4 Qc7 12. Nbd2 Nc6 13. d5 Nd8 14. a4 Rb8 15. axb5
axb5 16. Nf1 Ne8 17. g4 g6 18. Ng3 Ng7 19. Bh6 f6 20. Qd2 Nf7 21. Bxg7 Kxg7 22.
Nh2 Bd7 23. f4 exf4 24. Qxf4 Ne5 25. b3 Qc8 26. Rf1 Ra8 27. Nf3 Qb7 28. b4 cxb4
29. cxb4 Qb6+ 30. Kg2 Rxa1 31. Rxa1 Rc8 32. Bb3 Rc3 33. Nxe5 fxe5 34. Qf2 Qxf2+
35. Kxf2 Rxb3 36. Ra7 Bh4 37. Rxd7+ Kf8 38. Rxh7 Bxg3+ 39. Kg2 Be1 0-1

[Event "Open A Befana"]
[Site "Milano ITA"]
[Date "2011.01.02"]
[Round "1"]
[White "Barberi, Alessandro"]
[Black "Morselli, Stefano"]
[Result "1-0"]
[WhiteElo "2084"]
[BlackElo "1894"]
[PlyCount "49"]
[EventDate "2011.01.02"]

1. d4 Nf6 2. Nf3 g6 3. c4 Bg7 4. Nc3 d6 5. g3 O-O 6. Bg2 Nbd7 7. O-O e5 8. e4
Re8 9. h3 exd4 10. Nxd4 Ne5 11. b3 Bd7 12. Be3 h6 13. Qd2 c5 14. Ndb5 Bxh3 15.
Nxd6 Bxg2 16. Kxg2 Re6 17. Rad1 Qc7 18. Bxh6 Qa5 19. Rh1 Rxd6 20. Qxd6 Nc6 21.
Bxg7 Kxg7 22. Nd5 Ng4 23. Qf4 Nce5 24. f3 Qxa2+ 25. Rd2 1-0

[Event "Open A Befana"]
[Site "Milano ITA"]
[Date "2011.01.02"]
[Round "1"]
[White "Bemporad, Filippo"]
[Black "Deghi, Donatello"]
[Result "1-0"]
[WhiteElo "2057"]
[BlackElo "1822"]
[PlyCount "51"]
[EventDate "2011.01.02"]

1. d4 d5 2. g3 Bg4 3. Bg2 c6 4. Nf3 Qc8 5. h3 Bh5 6. c4 e6 7. Nc3 Nf6 8. O-O
Be7 9. Bg5 h6 10. Bxf6 Bxf6 11. cxd5 cxd5 12. Rc1 Qd7 13. e4 O-O 14. exd5 exd5
15. Qb3 Nc6 16. Nxd5 Bxd4 17. Nxd4 Nxd4 18. Qd3 Ne2+ 19. Kh2 Rad8 20. Rcd1 Kh8
21. Rd2 Rfe8 22. Re1 Re5 23. Rexe2 Bxe2 24. Rxe2 Rxd5 25. Bxd5 Qxd5 26. Re8+
1-0

[Event "Open A Befana"]
[Site "Milano ITA"]
[Date "2011.01.02"]
[Round "1"]
[White "Cattaneo, Marco"]
[Black "Quaranta, Cristiano"]
[Result "1/2-1/2"]
[WhiteElo "1948"]
[BlackElo "2134"]
[PlyCount "75"]
[EventDate "2011.01.02"]

1. d4 d5 2. c4 c6 3. Nc3 Nf6 4. Nf3 e6 5. e3 Nbd7 6. Qc2 b6 7. Bd3 dxc4 8. Bxc4
c5 9. O-O Bb7 10. e4 cxd4 11. Nxd4 Rc8 12. Qe2 Qc7 13. Bb3 a6 14. Kh1 Nc5 15.
Bc2 b5 16. a3 Qe5 17. Rd1 Be7 18. f4 Qb8 19. e5 Nd5 20. f5 Nxc3 21. bxc3 exf5
22. Nxf5 Ne6 23. Nd6+ Bxd6 24. exd6 Rd8 25. Bf4 O-O 26. Bg3 Qc8 27. Qd3 g6 28.
Bb3 Nc5 29. Qc2 Be4 30. Qa2 Nxb3 31. Qxb3 Qc6 32. Ra2 h5 33. Rad2 Rd7 34. Qb4
Kh7 35. Qd4 Rc8 36. Be5 f5 37. Qf2 Qc5 38. Qxc5 1/2-1/2

[Event "Open A Befana"]
[Site "Milano ITA"]
[Date "2011.01.02"]
[Round "1"]
[White "Gaggino, Davide"]
[Black "Cazzaniga, Walter"]
[Result "0-1"]
[WhiteElo "1905"]
[BlackElo "2092"]
[PlyCount "80"]
[EventDate "2011.01.02"]

1. d4 Nf6 2. c4 g6 3. Nc3 Bg7 4. e4 d6 5. Nf3 O-O 6. Be2 e5 7. dxe5 dxe5 8.
Qxd8 Rxd8 9. Bg5 c6 10. O-O Re8 11. h3 Nbd7 12. Rfe1 Nc5 13. Bf1 a5 14. g3 h6
15. Bc1 a4 16. Rb1 Be6 17. b4 axb3 18. axb3 Ncxe4 19. Nxe4 Nxe4 20. Rxe4 Bf5
21. Nd2 Red8 22. g4 Bxe4 23. Nxe4 f5 24. Ng3 f4 25. Ne4 Ra2 26. c5 Kh7 27. Kg2
Rd4 28. Kf3 Rd1 29. Be2 Rh1 30. Kg2 Rxe2 31. Kxh1 Rxe4 32. Ba3 Re2 33. Kg2 e4
34. Kf1 Ra2 35. Bb4 Bd4 36. Rd1 Bxf2 37. Rd7+ Kg8 38. Bc3 Bxc5 39. Rxb7 Rc2 40.
Be5 f3 0-1

[Event "Open A Befana"]
[Site "Milano ITA"]
[Date "2011.01.02"]
[Round "1"]
[White "Gori, Andrea"]
[Black "Arboscelli, Gregorio"]
[Result "1-0"]
[WhiteElo "2099"]
[BlackElo "1906"]
[PlyCount "53"]
[EventDate "2011.01.02"]

1. e4 c5 2. Nf3 d6 3. d4 cxd4 4. Nxd4 Nf6 5. f3 Nc6 6. c4 g6 7. Be3 Bg7 8. Qd2
O-O 9. Nc3 Bd7 10. Be2 Nxd4 11. Bxd4 Bc6 12. g4 b6 13. h4 e6 14. O-O-O d5 15.
g5 Nh5 16. cxd5 exd5 17. Bxg7 Kxg7 18. exd5 Bd7 19. Qd4+ Kg8 20. Rhe1 Rc8 21.
Ba6 Rc5 22. b4 Rxc3+ 23. Qxc3 Qb8 24. Qe5 Qd8 25. Qd6 Re8 26. Bb7 Ng7 27. Bc6
1-0

[Event "Open A Befana"]
[Site "Milano ITA"]
[Date "2011.01.02"]
[Round "1"]
[White "Murli, Almerico"]
[Black "Andreoni, Giuseppe"]
[Result "0-1"]
[WhiteElo "1821"]
[BlackElo "2050"]
[PlyCount "84"]
[EventDate "2011.01.02"]

1. e4 c5 2. Nf3 d6 3. d4 cxd4 4. Nxd4 Nf6 5. Nc3 a6 6. Bc4 e6 7. Bb3 Be7 8. Be3
O-O 9. O-O Bd7 10. f4 Nc6 11. Qf3 b5 12. f5 Nxd4 13. Bxd4 e5 14. Be3 b4 15. Nd5
Nxd5 16. Bxd5 Rc8 17. Qf2 Ba4 18. Bb3 Bc6 19. Bd5 Bxd5 20. exd5 Rc4 21. a3 bxa3
22. Rxa3 Qc8 23. c3 Qb7 24. Rfa1 Ra8 25. Qd2 Bd8 26. Qd3 Rac8 27. R3a2 a5 28.
h3 Qd7 29. Kh1 e4 30. Qf1 Qb5 31. Qd1 f6 32. g4 Bb6 33. Qd2 Bxe3 34. Qxe3 a4
35. Kg2 R8c5 36. Qg3 Rxd5 37. Qf2 e3 38. Qxe3 Re5 39. Qf3 Rce4 40. Qf1 Re2+ 41.
Kg3 Qd3+ 42. Kh4 Qe3 0-1

[Event "Open A Befana"]
[Site "Milano ITA"]
[Date "2011.01.02"]
[Round "1"]
[White "Petrini, Roberto"]
[Black "Petrone, Gianmario"]
[Result "1/2-1/2"]
[WhiteElo "2033"]
[BlackElo "1814"]
[PlyCount "58"]
[EventDate "2011.01.02"]

1. e4 c5 2. Nf3 d6 3. c4 Nc6 4. d4 cxd4 5. Nxd4 Nf6 6. Nc3 g6 7. Be2 Bg7 8. Be3
O-O 9. O-O Bd7 10. f3 Rc8 11. Qd2 Qa5 12. Rfc1 a6 13. Rab1 Nh5 14. b4 Qd8 15.
Nd5 Nf6 16. Bf1 Nxd5 17. exd5 Nxd4 18. Bxd4 Bxd4+ 19. Qxd4 Bf5 20. Rb3 b6 21.
a4 Bd7 22. Ra3 a5 23. b5 Qc7 24. Re3 e5 25. dxe6 Bxe6 26. Rd1 Qc5 27. Qxc5 dxc5
28. Rd6 Rb8 29. Kf2 Rfd8 1/2-1/2

[Event "Open A Befana"]
[Site "Milano ITA"]
[Date "2011.01.02"]
[Round "1"]
[White "Quagliarella, Sabino Remo"]
[Black "Cani, Gazmir"]
[Result "0-1"]
[WhiteElo "1926"]
[BlackElo "2115"]
[PlyCount "100"]
[EventDate "2011.01.02"]

1. d4 Nf6 2. Nf3 c5 3. c3 g6 4. g3 Bg7 5. Bg2 O-O 6. O-O d5 7. Nbd2 Nc6 8. dxc5
e5 9. e4 dxe4 10. Ng5 Bg4 11. Qe1 Qd3 12. Ngxe4 Be2 13. Nxf6+ Bxf6 14. Ne4 Bg7
15. Be3 Bxf1 16. Qxf1 Qxf1+ 17. Bxf1 Rfd8 18. Bg5 Rd7 19. Bc4 h6 20. Bf6 Kf8
21. Bxg7+ Kxg7 22. Nd6 f5 23. f3 Kf6 24. Re1 Rad8 25. Bb5 g5 26. Kf2 h5 27. b4
a6 28. Bc4 g4 29. Bd5 Rxd6 30. cxd6 Rxd6 31. Bc4 gxf3 32. Kxf3 e4+ 33. Ke3 Ne5
34. Be2 Ng4+ 35. Bxg4 hxg4 36. Rc1 Ke5 37. a4 Rd3+ 38. Ke2 Kd5 39. c4+ Kd4 40.
b5 Kc5 41. bxa6 bxa6 42. Rf1 Rf3 43. Rc1 Ra3 44. Rc2 Rxa4 45. Ke3 Ra3+ 46. Kf4
Rf3+ 47. Ke5 e3 48. Ra2 Rf2 49. Ra1 e2 50. Re1 Kxc4 0-1

[Event "Open A Befana"]
[Site "Milano ITA"]
[Date "2011.01.02"]
[Round "1"]
[White "Tagliano, Maurizio"]
[Black "Pelizzola, Danilo"]
[Result "0-1"]
[WhiteElo "1852"]
[BlackElo "2061"]
[PlyCount "113"]
[EventDate "2011.01.02"]

1. Nf3 Nf6 2. d4 e6 3. c4 b6 4. g3 Bb7 5. Bg2 Be7 6. O-O O-O 7. Nc3 d6 8. Re1
Ne4 9. Nxe4 Bxe4 10. Nd2 Bxg2 11. Kxg2 d5 12. e4 dxe4 13. Nxe4 Nd7 14. Be3 Nf6
15. Qc2 Qd7 16. Nxf6+ Bxf6 17. Qe4 Rfd8 18. Red1 c6 19. Rac1 Rac8 20. b4 g6 21.
a3 a6 22. c5 b5 23. Rc2 Ra8 24. a4 Qd5 25. Qxd5 Rxd5 26. Ra2 bxa4 27. Rxa4 e5
28. Rda1 exd4 29. Bd2 Rc8 30. Rxa6 Re5 31. Ra8 Rxa8 32. Rxa8+ Kg7 33. Kf1 Re6
34. Ra1 Be7 35. Re1 Kf6 36. Rxe6+ Kxe6 37. Ke2 Kd5 38. Kd3 h5 39. f4 h4 40. Bc1
h3 41. Ba3 g5 42. Bb2 gxf4 43. gxf4 Bh4 44. Bxd4 Bg3 45. Bg1 Bxf4 46. Ke2 Ke4
47. Kf2 Be5 48. Ke2 f5 49. b5 cxb5 50. c6 Bc7 51. Bc5 Kd5 52. Bg1 Kxc6 53. Kf3
b4 54. Bd4 Bxh2 55. Bf6 b3 56. Ke2 Kd5 57. Kf3 0-1

[Event "Open A Befana"]
[Site "Milano ITA"]
[Date "2011.01.02"]
[Round "1"]
[White "Vezzosi, Paolo"]
[Black "Illyuviev, Oleg"]
[Result "1-0"]
[WhiteElo "2383"]
[BlackElo "1987"]
[PlyCount "93"]
[EventDate "2011.01.02"]

1. d4 d5 2. Nf3 Nc6 3. Bf4 Bg4 4. e3 e6 5. c4 Bb4+ 6. Nc3 Nf6 7. Rc1 O-O 8. Be2
Ne7 9. O-O Ng6 10. Bg5 Bxc3 11. Rxc3 Qd6 12. Bxf6 gxf6 13. cxd5 Qxd5 14. h3 Bf5
15. Qa4 c6 16. Rfc1 Ne7 17. Rc5 Qd6 18. Qb3 Qd7 19. Bd3 Kh8 20. e4 Bg6 21. Qc3
Kg7 22. Qd2 Rad8 23. Qf4 Qd6 24. Qh4 h6 25. R5c3 f5 26. Rb3 Rb8 27. e5 Qd7 28.
Bc4 b5 29. Be2 Nd5 30. Nd2 Rbc8 31. Bf3 Rfd8 32. Ra3 Nb4 33. Qf6+ Kh7 34. Nb3
Nd3 35. Rb1 f4 36. Rf1 Nxb2 37. Qxf4 Nc4 38. Ra6 Rc7 39. h4 Qe8 40. Nc5 Rd5 41.
Bxd5 cxd5 42. Rd6 Nxd6 43. exd6 Rc6 44. h5 Bxh5 45. Qh4 Rxc5 46. dxc5 Be2 47.
Qe7 1-0

[Event "Open A Befana"]
[Site "Milano ITA"]
[Date "2011.01.02"]
[Round "2"]
[White "Andreoni, Giuseppe"]
[Black "Gori, Andrea"]
[Result "1-0"]
[WhiteElo "2050"]
[BlackElo "2099"]
[PlyCount "83"]
[EventDate "2011.01.02"]

1. d4 Nf6 2. c4 c5 3. d5 b5 4. cxb5 a6 5. bxa6 g6 6. g3 d6 7. Bg2 Bxa6 8. Nf3
Bg7 9. Nc3 O-O 10. O-O Nbd7 11. Qc2 Qa5 12. Rb1 Ng4 13. Bd2 Nge5 14. Nxe5 Nxe5
15. b3 Nd7 16. a4 Qc7 17. Rfe1 Rfb8 18. Nd1 Ra7 19. Ne3 Nb6 20. a5 Nd7 21. Nc4
Ne5 22. Na3 Rab7 23. f4 Ng4 24. h3 Nf6 25. Nc4 Nd7 26. Kh2 Rb5 27. Na3 R5b7 28.
e4 Bd4 29. Bf1 Bxf1 30. Rxf1 f6 31. Qc4 Qc8 32. Nc2 Kg7 33. Rfc1 Qd8 34. Nxd4
cxd4 35. Qxd4 Rxb3 36. Rxb3 Rxb3 37. Bc3 Qc8 38. e5 Qa6 39. exf6+ Nxf6 40. Qe3
Qb7 41. a6 Qb6 42. Bxf6+ 1-0

[Event "Open A Befana"]
[Site "Milano ITA"]
[Date "2011.01.02"]
[Round "2"]
[White "Arboscelli, Gregorio"]
[Black "Murli, Almerico"]
[Result "1/2-1/2"]
[WhiteElo "1906"]
[BlackElo "1821"]
[PlyCount "50"]
[EventDate "2011.01.02"]

1. b3 Nf6 2. Bb2 g6 3. c4 Bg7 4. Nc3 O-O 5. Nf3 d6 6. g3 Nc6 7. Bg2 e5 8. d3
Be6 9. O-O Qc8 10. Ng5 Bd7 11. Nd5 h6 12. Nxf6+ Bxf6 13. Ne4 Bg7 14. e3 Bh3 15.
f4 Bxg2 16. Kxg2 f5 17. Nd2 Qd7 18. e4 Ne7 19. Qe2 Rae8 20. Rae1 exf4 21. Bxg7
Kxg7 22. gxf4 Nc6 23. Kg3 Kh7 24. Nf3 Qf7 25. Qd2 Qg7 1/2-1/2

[Event "Open A Befana"]
[Site "Milano ITA"]
[Date "2011.01.02"]
[Round "2"]
[White "Astengo, Marcello"]
[Black "Gaggino, Davide"]
[Result "1-0"]
[WhiteElo "2118"]
[BlackElo "1905"]
[PlyCount "53"]
[EventDate "2011.01.02"]

1. d4 Nf6 2. c4 g6 3. Nc3 Bg7 4. e4 d6 5. f3 O-O 6. Be3 Nc6 7. Nge2 a6 8. d5
Ne5 9. Ng3 c5 10. Be2 b5 11. cxb5 Qa5 12. O-O axb5 13. Nxb5 Ba6 14. a4 Rfb8 15.
f4 Ned7 16. e5 Ne8 17. Ne4 Qb4 18. Qc2 Bxb5 19. axb5 Nxe5 20. fxe5 Bxe5 21.
Rab1 f5 22. Ng5 Ng7 23. Nf3 Bf6 24. b3 Qa5 25. Bd2 Qd8 26. Bc3 Qf8 27. Rbe1 1-0

[Event "Open A Befana"]
[Site "Milano ITA"]
[Date "2011.01.02"]
[Round "2"]
[White "Cani, Gazmir"]
[Black "Bemporad, Filippo"]
[Result "1-0"]
[WhiteElo "2115"]
[BlackElo "2057"]
[PlyCount "89"]
[EventDate "2011.01.02"]

1. d4 Nf6 2. Bg5 e6 3. e4 d6 4. Nf3 Be7 5. Bd3 c5 6. c3 Nc6 7. Nbd2 O-O 8. O-O
b6 9. Qe2 Nd7 10. Bxe7 Qxe7 11. e5 Bb7 12. Nc4 cxd4 13. cxd4 dxe5 14. dxe5 Nc5
15. Bb1 Rfd8 16. Qc2 g6 17. Qc3 Ba6 18. a4 Nd7 19. b3 Rac8 20. Qe3 Bxc4 21.
bxc4 Na5 22. Ba2 Nxc4 23. Qf4 Na5 24. Ng5 Kg7 25. Qh4 Kf8 26. Nxh7+ Ke8 27.
Nf6+ Nxf6 28. exf6 Qf8 29. Qg4 Qd6 30. Rad1 Qe5 31. Rde1 Rd4 32. Bxe6 Rxg4 33.
Bxg4 Rc5 34. f4 Qxe1 35. Rxe1+ Kd8 36. Rd1+ Ke8 37. Bd7+ Kf8 38. Bb5 Kg8 39.
Rd8+ Kh7 40. Rf8 Rc7 41. Be8 Nc4 42. Bxf7 Nd6 43. Bg8+ Kh6 44. Bd5 g5 45. f7
1-0

[Event "Open A Befana"]
[Site "Milano ITA"]
[Date "2011.01.02"]
[Round "2"]
[White "Cazzaniga, Walter"]
[Black "Bisignano, Giuseppe"]
[Result "0-1"]
[WhiteElo "2092"]
[BlackElo "1929"]
[PlyCount "84"]
[EventDate "2011.01.02"]

1. d4 Nf6 2. c4 e6 3. Nf3 c5 4. d5 exd5 5. cxd5 b5 6. Bg5 Qa5+ 7. Nc3 Ne4 8.
Qd3 Nxc3 9. Qe3+ Ne4+ 10. Kd1 f5 11. g4 d6 12. gxf5 Bxf5 13. Nh4 Qa4+ 14. Kc1
Qc4+ 15. Kb1 Qxd5 16. Nxf5 Qxf5 17. Bg2 d5 18. h4 h6 19. f3 hxg5 20. fxe4 Qe5
21. Rf1 g6 22. Qb3 Nd7 23. exd5 c4 24. Qc2 Bg7 25. Qxg6+ Kd8 26. Qxg5+ Bf6 27.
Qxe5 Bxe5 28. Kc2 Rxh4 29. Rf5 b4 30. Raf1 b3+ 31. Kb1 bxa2+ 32. Kxa2 Rc8 33.
Rh1 Rxh1 34. Bxh1 c3 35. bxc3 Rxc3 36. Bf3 Kc7 37. Rf7 Kd6 38. Rh7 a5 39. Rf7
Nb6 40. Rh7 a4 41. Be4 Rc1 42. Bb1 Nxd5 0-1

[Event "Open A Befana"]
[Site "Milano ITA"]
[Date "2011.01.02"]
[Round "2"]
[White "Deghi, Donatello"]
[Black "Quagliarella, Sabino Remo"]
[Result "1/2-1/2"]
[WhiteElo "1822"]
[BlackElo "1926"]
[PlyCount "135"]
[EventDate "2011.01.02"]

1. d4 Nf6 2. Bg5 Ne4 3. Bf4 e6 4. e3 d5 5. Nd2 Nxd2 6. Qxd2 Bd6 7. Bxd6 Qxd6 8.
Nf3 O-O 9. Bd3 Nd7 10. O-O Nf6 11. c3 b6 12. Ne5 Bb7 13. Rac1 c5 14. Qe2 Rac8
15. a3 Rc7 16. Bb1 Rfc8 17. Qd3 g6 18. Rce1 Kg7 19. Qe2 c4 20. Ng4 Ng8 21. f4
h5 22. Ne5 Nf6 23. Rf3 Bc6 24. Ref1 Ne4 25. Bxe4 dxe4 26. Rg3 Rh8 27. f5 exf5
28. Rxf5 Bd5 29. Rxh5 Rxh5 30. Qxh5 Qf6 31. Qg5 Be6 32. Qxf6+ Kxf6 33. Ng4+ Kg7
34. Nf2 Bf5 35. Ng4 f6 36. Nf2 Rd7 37. Nh3 Rd5 38. Nf4 Rb5 39. h4 Rxb2 40. Nxg6
Kh6 41. Ne7 Bh7 42. Nd5 Rb3 43. a4 Ra3 44. Nxf6 Rxc3 45. Nxh7 Kxh7 46. Kf2 Rc2+
47. Ke1 c3 48. Rg4 Ra2 49. Kd1 Rxa4 50. Rxe4 Ra2 51. Re7+ Kg6 52. Rc7 Kf5 53.
Rxc3 Rxg2 54. Rc2 Rg1+ 55. Ke2 Ke4 56. Kf2 Rh1 57. Rc7 Rxh4 58. Rxa7 b5 59.
Re7+ Kd3 60. d5 Kc4 61. d6 Rh2+ 62. Kf3 Kc3 63. d7 Rd2 64. Ke4 b4 65. Re5 b3
66. Rb5 b2 67. Kf3 Rxd7 68. e4 1/2-1/2

[Event "Open A Befana"]
[Site "Milano ITA"]
[Date "2011.01.02"]
[Round "2"]
[White "Guzzetti, Luigi Enrico"]
[Black "Cattaneo, Marco"]
[Result "0-1"]
[WhiteElo "1952"]
[BlackElo "1948"]
[PlyCount "62"]
[EventDate "2011.01.02"]

1. e4 c5 2. Nf3 d6 3. d4 cxd4 4. Nxd4 Nf6 5. Nc3 g6 6. Be2 Bg7 7. Be3 O-O 8.
O-O Nc6 9. Qd2 Bd7 10. Nxc6 Bxc6 11. f3 a6 12. a4 b6 13. Bd4 Qc7 14. Rfd1 Rfc8
15. Bd3 d5 16. exd5 Nxd5 17. Bxg7 Kxg7 18. Nxd5 Bxd5 19. Bxa6 Qc5+ 20. Kh1 Rxa6
21. b4 Qxc2 22. Qxd5 Rxa4 23. Qd4+ Kg8 24. Rab1 Ra2 25. Qg4 Rc4 26. Qg3 Rxb4
27. Rd8+ Kg7 28. Qe5+ Kh6 29. Rg1 Rb1 30. Qe3+ g5 31. h4 Qxg2# 0-1

[Event "Open A Befana"]
[Site "Milano ITA"]
[Date "2011.01.02"]
[Round "2"]
[White "Illyuviev, Oleg"]
[Black "Tagliano, Maurizio"]
[Result "1-0"]
[WhiteElo "1987"]
[BlackElo "1852"]
[PlyCount "109"]
[EventDate "2011.01.02"]

1. c4 Nf6 2. Nc3 g6 3. e4 d6 4. d4 Bg7 5. Bd3 O-O 6. Nge2 c5 7. d5 e6 8. O-O
exd5 9. cxd5 a6 10. a4 Nbd7 11. Bf4 Ne8 12. Qd2 Ne5 13. Bc2 Nc4 14. Qc1 Bd7 15.
b3 Ne5 16. Bg5 f6 17. Bd2 b5 18. f4 Nf7 19. f5 g5 20. h4 h6 21. Qe1 Ne5 22. Nc1
bxa4 23. Nxa4 Bb5 24. Ba5 Qe7 25. Rf2 Ng4 26. Qc3 Nxf2 27. Kxf2 gxh4 28. Nd3
Qxe4 29. Re1 Qxf5+ 30. Kg1 Qg4 31. Nf2 Qd4 32. Qxd4 cxd4 33. Bf5 Bxa4 34. bxa4
h5 35. Bd2 Kh8 36. Re7 Rb8 37. Nd3 Rb1+ 38. Kf2 Ra1 39. Nf4 Nc7 40. Rxc7 Re8
41. Ne6 Ra2 42. Ke1 Ra1+ 43. Ke2 Ra2 44. Kd3 Ra3+ 45. Kxd4 Rxa4+ 46. Kd3 Ra3+
47. Bc3 a5 48. Rxg7 Rc8 49. Rh7+ Kg8 50. Nc7 Rb3 51. Kc2 a4 52. Bxf6 Rg3 53.
Re7 Rxg2+ 54. Kd3 Rg3+ 55. Ke4 1-0

[Event "Open A Befana"]
[Site "Milano ITA"]
[Date "2011.01.02"]
[Round "2"]
[White "Morselli, Stefano"]
[Black "Attuati, Stefano"]
[Result "1-0"]
[WhiteElo "1894"]
[BlackElo "1983"]
[PlyCount "51"]
[EventDate "2011.01.02"]

1. Nf3 d5 2. g3 c5 3. Bg2 Nc6 4. d3 e6 5. O-O Bd6 6. Nbd2 Nge7 7. Re1 Qc7 8. e4
O-O 9. c3 Bd7 10. Qe2 f6 11. Nf1 b5 12. h4 Rfc8 13. N1h2 d4 14. e5 fxe5 15. Ng4
Rf8 16. Ngxe5 Nxe5 17. Nxe5 Bxe5 18. Bxa8 Bxg3 19. fxg3 Rxa8 20. Bf4 Qb7 21.
cxd4 cxd4 22. Rac1 Nd5 23. Qe4 Qb6 24. Be5 Re8 25. Rf1 Bc6 26. Qg4 1-0

[Event "Open A Befana"]
[Site "Milano ITA"]
[Date "2011.01.02"]
[Round "2"]
[White "Pelizzola, Danilo"]
[Black "Vezzosi, Paolo"]
[Result "0-1"]
[WhiteElo "2061"]
[BlackElo "2383"]
[PlyCount "92"]
[EventDate "2011.01.02"]

1. e4 c5 2. Nf3 Nc6 3. d4 cxd4 4. Nxd4 Qc7 5. g3 Nf6 6. Nc3 Nxe4 7. Nxe4 Qe5 8.
Bg2 Qxd4 9. Qe2 e6 10. O-O d5 11. Rd1 Qb6 12. Rxd5 Nd4 13. Rxd4 Qxd4 14. c3 Qa4
15. Bf4 Bd7 16. b3 Qa5 17. a4 h5 18. h4 Rd8 19. b4 Qf5 20. b5 Bc8 21. Rd1 Rxd1+
22. Qxd1 e5 23. Be3 Qd7 24. Qxd7+ Kxd7 25. Bxa7 f5 26. Ng5 Ba3 27. c4 e4 28. f3
exf3 29. Bxf3 Bc1 30. Nf7 Re8 31. Bxh5 Be3+ 32. Bxe3 Rxe3 33. Kf2 Ra3 34. Bd1
Ke6 35. Ng5+ Kd6 36. Nf7+ Kc5 37. h5 b6 38. h6 gxh6 39. Nxh6 Kxc4 40. Nf7 Kd4
41. Nd6 Be6 42. Nb7 Bd5 43. Nd6 Ra2+ 44. Ke1 Be6 45. Kf1 Ke3 46. Bh5 Ra1+ 0-1

[Event "Open A Befana"]
[Site "Milano ITA"]
[Date "2011.01.02"]
[Round "2"]
[White "Petrone, Gianmario"]
[Black "Astengo, Corrado"]
[Result "1/2-1/2"]
[WhiteElo "1814"]
[BlackElo "2146"]
[PlyCount "162"]
[EventDate "2011.01.02"]

1. e4 c5 2. Nf3 e6 3. d4 cxd4 4. Nxd4 a6 5. Nc3 b5 6. Bd3 Qb6 7. Nb3 Bb7 8. O-O
Nf6 9. Re1 Be7 10. e5 Nd5 11. Nxd5 Bxd5 12. Qg4 Kf8 13. Be4 h5 14. Qf3 Bc6 15.
Be3 Qc7 16. Nd4 Bxe4 17. Qxe4 Nc6 18. Nxc6 Qxc6 19. Qxc6 dxc6 20. Red1 Ke8 21.
Rd3 Rd8 22. Rad1 Rd5 23. Rxd5 cxd5 24. Kf1 Kd7 25. Ke2 Rc8 26. c3 a5 27. Rc1 a4
28. Kd3 Rc6 29. Rc2 Ra6 30. Rc1 Ra8 31. Rc2 Rb8 32. a3 Rc8 33. Rd2 Rc4 34. Bd4
Bg5 35. Rd1 Be7 36. Ke2 Kc6 37. Kd3 Bf8 38. Ke2 g6 39. f4 Bh6 40. Rf1 Bf8 41.
g3 b4 42. axb4 Bxb4 43. Kd3 Bc5 44. Bxc5 Kxc5 45. b3 axb3 46. Rb1 Kc6 47. Rxb3
Ra4 48. Rb8 Kd7 49. Rb7+ Ke8 50. Rb8+ Ke7 51. Rb7+ Kf8 52. Rb8+ Kg7 53. Rb2 Ra1
54. Rc2 Rg1 55. c4 dxc4+ 56. Kxc4 h4 57. gxh4 Rg4 58. Rf2 Rxh4 59. Kd3 Kh6 60.
Ke3 Rh3+ 61. Ke4 Kh5 62. Rd2 Kh6 63. Rg2 Ra3 64. Rd2 Kg7 65. Rc2 Ra7 66. Rd2
Kh6 67. Rg2 Kh5 68. Rd2 Kg4 69. Rg2+ Kh5 70. Rd2 Kh6 71. Rc2 Ra4+ 72. Ke3 Rb4
73. Rc7 Kg7 74. Rc2 Rb1 75. Rd2 Rb5 76. Rc2 Rb7 77. Rd2 Kh6 78. Rc2 Kh5 79. Rd2
Kg4 80. Rg2+ Kh3 81. Rc2 Ra7 1/2-1/2

[Event "Open A Befana"]
[Site "Milano ITA"]
[Date "2011.01.02"]
[Round "2"]
[White "Quaranta, Cristiano"]
[Black "Petrini, Roberto"]
[Result "0-1"]
[WhiteElo "2134"]
[BlackElo "2033"]
[PlyCount "50"]
[EventDate "2011.01.02"]

1. d4 g6 2. c4 Bg7 3. e4 d6 4. Nc3 e5 5. Nf3 Nc6 6. Bg5 f6 7. Bh4 Bg4 8. dxe5
dxe5 9. Qxd8+ Rxd8 10. Nd5 Bxf3 11. gxf3 Nd4 12. O-O-O c6 13. Ne3 Nxf3 14.
Rxd8+ Kxd8 15. Bg3 h5 16. h4 Nh6 17. Bg2 Nd4 18. Re1 Ng4 19. Nd1 Bh6+ 20. Kb1
Bf4 21. Bxf4 exf4 22. Nc3 Ke7 23. Ne2 Nxe2 24. Rxe2 Rd8 25. Kc2 Ne5 0-1

[Event "Open A Befana"]
[Site "Milano ITA"]
[Date "2011.01.02"]
[Round "2"]
[White "Salmoiraghi, Angelo"]
[Black "Barberi, Alessandro"]
[Result "1/2-1/2"]
[WhiteElo "2155"]
[BlackElo "2084"]
[PlyCount "100"]
[EventDate "2011.01.02"]

1. d4 g6 2. c4 Bg7 3. g3 d6 4. Nf3 Nd7 5. Bg2 e5 6. Nc3 Ne7 7. e4 h6 8. Be3 f5
9. dxe5 Nxe5 10. Nxe5 Bxe5 11. Qd2 Bg7 12. f4 O-O 13. O-O fxe4 14. Nxe4 Nf5 15.
Bf2 Kh7 16. Rad1 Be6 17. b3 Qe7 18. Rfe1 Qf7 19. Nc3 c5 20. Nb5 Rfd8 21. g4 Nd4
22. Nxd4 cxd4 23. h3 d5 24. c5 b6 25. Bxd4 Bxd4+ 26. Qxd4 bxc5 27. Qxc5 Rac8
28. Qe3 Re8 29. Qd2 Rc5 30. Rc1 Qc7 31. Rxc5 Qxc5+ 32. Qf2 d4 33. f5 Bf7 34.
fxg6+ Bxg6 35. Rxe8 Bxe8 36. Be4+ Kg7 37. Qc2 Qxc2 38. Bxc2 Kf6 39. Bd3 Kg5 40.
Kf2 Kh4 41. Bf5 Bf7 42. Ke2 Bd5 43. Kd3 Bg2 44. Kxd4 Bxh3 45. Ke3 Bxg4 46. Kf4
h5 47. Bd3 Kh3 48. b4 Kg2 49. Be4+ Kf2 50. Bg6 Be6 1/2-1/2